[Event "ARG-ch sf U2300 Villa Maria 2nd"]
[Site "Villa Maria"]
[Date "2017.04.22"]
[Round "1.7"]
[White "Huerga, Jorge Hugo"]
[Black "Bernardi, Cristian"]
[Result "1-0"]
[WhiteElo "2048"]
[BlackElo "1621"]
[PlyCount "53"]
[EventDate "2017.04.22"]
[EventType "swiss"]
[EventRounds "6"]
[EventCountry "ARG"]
[SourceTitle "EXT 2024"]
[Source "ChessBase"]
[SourceDate "2023.10.10"]
[SourceVersion "1"]
[SourceVersionDate "2023.10.10"]
[SourceQuality "1"]

1. e4 c5 2. Nc3 d6 3. g3 g6 4. Bg2 Bg7 5. d3 Nf6 6. f4 Nc6 7. Nf3 0-0 8. 0-0 Bg4 9. h3 Bxf3 10. Qxf3 Nd4 11. Qf2 Rb8 12. Be3 Nd7 13. Nd1 Qc7 14. c3 Nc6 15. d4 cxd4 16. cxd4 e6 17. Rc1 Qa5 18. a3 Nf6 19. Nc3 Rfe8 20. e5 dxe5 21. dxe5 Nd7 22. Ne4 Red8 23. Nd6 Qa6 24. Rfd1 Ndxe5 25. fxe5 Bxe5 26. Ne4 Bxb2 27. Qxb2 1-0

[Event "IECG TE.2005.P.01817 email"]
[Site "IECG email"]
[Date "2005.03.24"]
[Round "?"]
[White "Huerga, Jorge Hugo"]
[Black "Bezerra, Zeomax"]
[Result "0-1"]
[WhiteElo "1802"]
[BlackElo "1028"]
[PlyCount "64"]
[EventDate "2005.03.24"]
[EventType "tourn (corr)"]
[EventRounds "12"]
[SourceTitle "Corr 2024"]
[Source "ChessBase"]
[SourceDate "2023.10.19"]
[SourceVersion "1"]
[SourceVersionDate "2023.10.19"]
[SourceQuality "1"]

1. d4 Nf6 2. c4 c5 3. d5 b5 4. Nf3 g6 5. cxb5 a6 6. e4 Bg7 7. Nc3 d6 8. b6 0-0 9. a4 Qxb6 10. Nd2 Nbd7 11. Nc4 Qc7 12. a5 Bb7 13. Qc2 Rfe8 14. Be2 e6 15. dxe6 Rxe6 16. f3 Rae8 17. 0-0 d5 18. exd5 Nxd5 19. Nxd5 Bxd5 20. Bd3 Be5 21. Nxe5 Nxe5 22. Bd2 c4 23. Be4 Bxe4 24. fxe4 Ng4 25. Bf4 Qc5+ 26. Kh1 Rxe4 27. h3 Re2 28. Qc3 Nf2+ 29. Kh2 Nd3 30. Bh6 R8e5 31. b3 Qc6 32. Rg1 Qd6 0-1

[Event "IECG TE.2002.S.01103 email"]
[Site "IECG email"]
[Date "2004.08.08"]
[Round "?"]
[White "Huerga, Jorge Hugo"]
[Black "Oortwijn, Ron A"]
[Result "0-1"]
[WhiteElo "1810"]
[BlackElo "2222"]
[PlyCount "46"]
[EventDate "2004.08.08"]
[EventType "tourn (corr)"]
[EventRounds "8"]
[SourceTitle "Corr 2008"]
[Source "ChessBase"]
[SourceDate "2008.06.24"]
[SourceVersion "1"]
[SourceVersionDate "2008.06.24"]
[SourceQuality "1"]

1. d4 Nf6 2. c4 c5 3. d5 e6 4. Nc3 exd5 5. cxd5 d6 6. e4 g6 7. f4 Bg7 8. Bb5+ Nfd7 9. Nf3 a6 10. Be2 b5 11. Qc2 0-0 12. 0-0 Re8 13. Re1 Nf6 14. Bf1 Nbd7 15. a4 b4 16. Nd1 a5 17. Nf2 Nb6 18. Bb5 Bd7 19. Bxd7 Nfxd7 20. Rb1 c4 21. b3 cxb3 22. Qxb3 Nc5 23. Qc2 Rc8 0-1

[Event "IECG TE.2002.S.01103 email"]
[Site "IECG email"]
[Date "2004.08.08"]
[Round "?"]
[White "Huerga, Jorge Hugo"]
[Black "Pott, Brian"]
[Result "0-1"]
[WhiteElo "1810"]
[BlackElo "1676"]
[PlyCount "36"]
[EventDate "2004.08.08"]
[EventType "tourn (corr)"]
[EventRounds "8"]
[SourceTitle "Corr 2008"]
[Source "ChessBase"]
[SourceDate "2008.06.24"]
[SourceVersion "1"]
[SourceVersionDate "2008.06.24"]
[SourceQuality "1"]

1. d4 Nf6 2. c4 c5 3. d5 e6 4. Nc3 exd5 5. cxd5 d6 6. e4 g6 7. f4 Bg7 8. Bb5+ Nfd7 9. a4 0-0 10. Nf3 Na6 11. 0-0 Nc7 12. Bd3 a6 13. Nd2 Nf6 14. Nc4 Ng4 15. e5 dxe5 16. Nb6 e4 17. Bxe4 Bd4+ 18. Kh1 Qh4 0-1

[Event "IECG TE.2002.S.01103 email"]
[Site "IECG email"]
[Date "2004.08.08"]
[Round "?"]
[White "Migliorini, Roberto"]
[Black "Huerga, Jorge Hugo"]
[Result "1-0"]
[WhiteElo "2093"]
[BlackElo "1810"]
[PlyCount "57"]
[EventDate "2004.08.08"]
[EventType "tourn (corr)"]
[EventRounds "8"]
[SourceTitle "Corr 2008"]
[Source "ChessBase"]
[SourceDate "2008.06.24"]
[SourceVersion "1"]
[SourceVersionDate "2008.06.24"]
[SourceQuality "1"]

1. d4 Nf6 2. c4 c5 3. d5 e6 4. Nc3 exd5 5. cxd5 d6 6. e4 g6 7. Nf3 Bg7 8. h3 0-0 9. Bd3 a6 10. a4 Qc7 11. 0-0 c4 12. Bc2 Nbd7 13. Be3 Re8 14. Qe2 Nh5 15. Nd2 Ne5 16. Rfc1 Bd7 17. g4 Nf6 18. f4 Nexg4 19. hxg4 Nxg4 20. Qxc4 Qd8 21. Qe2 Rc8 22. Kg2 h5 23. a5 Qh4 24. Rh1 Nxe3+ 25. Qxe3 Qg4+ 26. Kf2 Bh6 27. Ne2 Bb5 28. Bd3 Bxd3 29. Qxd3 1-0

[Event "IECG CB.2004.0.00116 email"]
[Site "IECG email"]
[Date "2004.05.29"]
[Round "1"]
[White "Ercan, Sezar"]
[Black "Huerga, Jorge Hugo"]
[Result "1-0"]
[WhiteElo "1941"]
[BlackElo "1831"]
[PlyCount "49"]
[EventDate "2004.05.29"]
[EventType "tourn (corr)"]
[EventRounds "6"]
[SourceTitle "Corr 2008"]
[Source "ChessBase"]
[SourceDate "2008.06.24"]
[SourceVersion "1"]
[SourceVersionDate "2008.06.24"]
[SourceQuality "1"]

1. d4 Nf6 2. c4 c5 3. d5 e6 4. Nc3 exd5 5. cxd5 d6 6. e4 g6 7. f4 Bg7 8. Bb5+ Nfd7 9. a4 0-0 10. Nf3 a6 11. Be2 Re8 12. 0-0 Nf8 13. h3 Nbd7 14. Qc2 Nf6 15. Kh2 b6 16. Bd2 Bb7 17. Rae1 Qc7 18. g4 h5 19. g5 N6d7 20. b3 Rac8 21. Bc4 Nh7 22. Qd3 Ra8 23. e5 Kh8 24. e6 Ndf8 25. Nh4 1-0

[Event "IECG CB.2004.0.00116 email"]
[Site "IECG email"]
[Date "2004.05.29"]
[Round "?"]
[White "Huerga, Jorge Hugo"]
[Black "Champion, William R"]
[Result "1-0"]
[WhiteElo "1831"]
[BlackElo "1859"]
[PlyCount "89"]
[EventDate "2004.05.29"]
[EventType "tourn (corr)"]
[EventRounds "6"]
[SourceTitle "Corr 2008"]
[Source "ChessBase"]
[SourceDate "2008.06.24"]
[SourceVersion "1"]
[SourceVersionDate "2008.06.24"]
[SourceQuality "1"]

1. e4 Nf6 2. e5 Nd5 3. d4 d6 4. c4 Nb6 5. exd6 exd6 6. Nc3 Be7 7. Bd3 Nc6 8. Nge2 Bg4 9. f3 Bh5 10. 0-0 Bg6 11. Bxg6 hxg6 12. b3 d5 13. c5 Nc8 14. Bf4 a6 15. a3 0-0 16. b4 Bf6 17. b5 N6e7 18. bxa6 bxa6 19. Rb1 Ra7 20. Qd3 Nc6 21. Bg3 N8e7 22. Bf2 Qd7 23. a4 Rb8 24. Rxb8+ Nxb8 25. Rb1 Nbc6 26. Qd2 Ra8 27. g4 Nc8 28. h4 Bd8 29. Nf4 N8e7 30. Qa2 Rb8 31. Rxb8 Nxb8 32. Nfxd5 Nxd5 33. Qxd5 Qxd5 34. Nxd5 Nc6 35. Kf1 Kf8 36. Ke2 Ke8 37. Kd3 Kd7 38. Bg3 Ne7 39. Ne3 c6 40. Be5 f6 41. Bd6 Bc7 42. Bxe7 Kxe7 43. h5 g5 44. Nf5+ Kf7 45. Kc4 1-0

[Event "IECG CB.2004.0.00113 email"]
[Site "IECG email"]
[Date "2004.04.23"]
[Round "?"]
[White "Brayman, Neal Zvi"]
[Black "Huerga, Jorge Hugo"]
[Result "1-0"]
[WhiteElo "1808"]
[BlackElo "1831"]
[PlyCount "43"]
[EventDate "2004.04.23"]
[EventType "tourn (corr)"]
[EventRounds "6"]
[SourceTitle "Corr 2008"]
[Source "ChessBase"]
[SourceDate "2008.06.24"]
[SourceVersion "1"]
[SourceVersionDate "2008.06.24"]
[SourceQuality "1"]

1. e4 e6 2. d4 d5 3. Nc3 Bb4 4. e5 c5 5. a3 Ba5 6. b4 cxd4 7. Nb5 Bc7 8. f4 a5 9. Qg4 Ne7 10. Qxg7 Rg8 11. Qxh7 Nbc6 12. Nf3 axb4 13. h4 b3 14. cxb3 Na7 15. Nxc7+ Qxc7 16. Bd2 Nac6 17. Bd3 Bd7 18. Ng5 Rf8 19. Qg7 0-0-0 20. Nxf7 Rg8 21. Qf6 Rdf8 22. h5 1-0

[Event "IECG CB.2004.0.00113 email"]
[Site "IECG email"]
[Date "2004.04.23"]
[Round "?"]
[White "Huerga, Jorge Hugo"]
[Black "Kerpe, Andreas"]
[Result "0-1"]
[WhiteElo "1831"]
[BlackElo "1987"]
[PlyCount "62"]
[EventDate "2004.04.23"]
[EventType "tourn (corr)"]
[EventRounds "6"]
[SourceTitle "Corr 2008"]
[Source "ChessBase"]
[SourceDate "2008.06.24"]
[SourceVersion "1"]
[SourceVersionDate "2008.06.24"]
[SourceQuality "1"]

1. e4 Nc6 2. f4 d5 3. exd5 Qxd5 4. Nc3 Qa5 5. Nf3 Bf5 6. Bc4 e6 7. d3 0-0-0 8. 0-0 Nf6 9. Qe2 Bg4 10. Be3 Bc5 11. Bxc5 Qxc5+ 12. Qf2 Qxf2+ 13. Rxf2 Bxf3 14. Rxf3 Nd4 15. Rf2 Ng4 16. Rd2 e5 17. Bxf7 exf4 18. Bh5 Ne3 19. Rc1 Rhf8 20. Bf3 Rd6 21. Ne4 Ra6 22. a3 Rb6 23. b4 Ra6 24. Nc5 Nxf3+ 25. gxf3 Rxa3 26. Kf2 Rf6 27. Rg1 b6 28. Ne4 Rh6 29. Rh1 Rg6 30. Rg1 Rxg1 31. Kxg1 Ra1+ 0-1

[Event "IECG CB.2004.0.00113 email"]
[Site "IECG email"]
[Date "2004.04.23"]
[Round "?"]
[White "Kovacevic, Antun"]
[Black "Huerga, Jorge Hugo"]
[Result "1-0"]
[WhiteElo "1800"]
[BlackElo "1831"]
[PlyCount "41"]
[EventDate "2004.04.23"]
[EventType "tourn (corr)"]
[EventRounds "6"]
[SourceTitle "Corr 2008"]
[Source "ChessBase"]
[SourceDate "2008.06.24"]
[SourceVersion "1"]
[SourceVersionDate "2008.06.24"]
[SourceQuality "1"]

1. d4 Nf6 2. c4 e6 3. Nc3 Bb4 4. Qc2 0-0 5. a3 Bxc3+ 6. Qxc3 Ne4 7. Qc2 f5 8. Nh3 b6 9. f3 Nf6 10. e3 Bb7 11. Bd3 d6 12. d5 exd5 13. Bxf5 Qe7 14. cxd5 Bxd5 15. 0-0 g6 16. Bd3 Bb7 17. e4 Nc6 18. Bh6 Rfd8 19. f4 Rac8 20. Rae1 Kh8 21. Qc3 1-0

[Event "IECG CB.2004.0.00110 email"]
[Site "IECG email"]
[Date "2004.03.24"]
[Round "?"]
[White "Huerga, Jorge Hugo"]
[Black "Bourgoin, Claude"]
[Result "0-1"]
[WhiteElo "1831"]
[BlackElo "1879"]
[PlyCount "48"]
[EventDate "2004.03.24"]
[EventType "tourn (corr)"]
[EventRounds "6"]
[SourceTitle "Corr 2008"]
[Source "ChessBase"]
[SourceDate "2008.06.24"]
[SourceVersion "1"]
[SourceVersionDate "2008.06.24"]
[SourceQuality "1"]

1. e4 c5 2. Nf3 Nc6 3. d4 cxd4 4. Nxd4 e5 5. Nb5 Nf6 6. Bc4 a6 7. Nd6+ Bxd6 8. Qxd6 Qa5+ 9. c3 Nxe4 10. Qd3 Nf6 11. Qd6 Qd8 12. 0-0 Qe7 13. Qxe7+ Nxe7 14. Bg5 d5 15. Bb3 h6 16. Bxf6 gxf6 17. Rd1 Rg8 18. Bxd5 Bg4 19. f3 Nxd5 20. fxg4 Ne3 21. Rd2 Rxg4 22. Re2 Nd5 23. h3 Rg5 24. Nd2 Nf4 0-1

[Event "IECG CB.2004.0.00110 email"]
[Site "IECG email"]
[Date "2004.03.24"]
[Round "?"]
[White "Huerga, Jorge Hugo"]
[Black "Freire, Daniel J"]
[Result "1/2-1/2"]
[WhiteElo "1831"]
[BlackElo "1957"]
[PlyCount "53"]
[EventDate "2004.03.24"]
[EventType "tourn (corr)"]
[EventRounds "6"]
[SourceTitle "Corr 2008"]
[Source "ChessBase"]
[SourceDate "2008.06.24"]
[SourceVersion "1"]
[SourceVersionDate "2008.06.24"]
[SourceQuality "1"]

1. e4 d5 2. exd5 Nf6 3. d4 Nxd5 4. Nf3 f6 5. Bc4 c5 6. 0-0 Nc6 7. dxc5 e6 8. Re1 Kf7 9. Bxd5 Qxd5 10. Qxd5 exd5 11. Be3 g5 12. Nc3 g4 13. Nd4 Bxc5 14. Nxc6 Bxe3 15. Nxd5 Bxf2+ 16. Kxf2 bxc6 17. Re7+ Kg6 18. Nf4+ Kg5 19. g3 Bf5 20. Rae1 Rhd8 21. R1e2 a5 22. Ne6+ Bxe6 23. R7xe6 Rac8 24. Re7 h5 25. Ra7 Rd5 26. c4 Rc5 27. b3 1/2-1/2

[Event "IECG CB.2004.0.00110 email"]
[Site "IECG email"]
[Date "2004.03.24"]
[Round "?"]
[White "Santos Etxepare, Agustin"]
[Black "Huerga, Jorge Hugo"]
[Result "0-1"]
[WhiteElo "1862"]
[BlackElo "1831"]
[PlyCount "24"]
[EventDate "2004.03.24"]
[EventType "tourn (corr)"]
[EventRounds "6"]
[SourceTitle "Corr 2024"]
[Source "ChessBase"]
[SourceDate "2023.10.19"]
[SourceVersion "1"]
[SourceVersionDate "2023.10.19"]
[SourceQuality "1"]

1. d4 d5 2. c4 dxc4 3. Nc3 c5 4. dxc5 Qxd1+ 5. Nxd1 e5 6. e3 Be6 7. Nf3 f6 8. Nd2 Na6 9. Bxc4 Bxc4 10. Nxc4 Bxc5 11. 0-0 Ne7 12. a3 b5 0-1

[Event "IECG RI.2003.0.00006 email"]
[Site "IECG email"]
[Date "2003.05.22"]
[Round "?"]
[White "Farnik, Kym"]
[Black "Huerga, Jorge Hugo"]
[Result "1-0"]
[WhiteElo "1807"]
[BlackElo "1929"]
[PlyCount "87"]
[EventDate "2003.05.17"]
[EventType "tourn (corr)"]
[EventRounds "6"]
[SourceTitle "Corr 2008"]
[Source "ChessBase"]
[SourceDate "2008.06.24"]
[SourceVersion "1"]
[SourceVersionDate "2008.06.24"]
[SourceQuality "1"]

1. d4 Nf6 2. c4 c5 3. d5 b5 4. cxb5 a6 5. bxa6 Bxa6 6. Nc3 d6 7. e4 Bxf1 8. Kxf1 Nbd7 9. f4 g6 10. Nf3 Bg7 11. Qe2 Nb6 12. Qb5+ Nfd7 13. Kf2 0-0 14. Re1 Qc7 15. e5 Qa7 16. Kf1 Rfb8 17. Qe2 Qa6 18. Qxa6 Rxa6 19. Re4 f5 20. Re2 Nc4 21. Rb1 dxe5 22. fxe5 Ndxe5 23. Nxe5 Bxe5 24. Rxe5 Nxe5 25. Bf4 Nd7 26. Bxb8 Nxb8 27. b4 cxb4 28. Rxb4 Nd7 29. Rb7 Rd6 30. a4 Kf7 31. a5 Nc5 32. Rb5 Na6 33. Rb6 Rxb6 34. axb6 Nc5 35. Ke2 Kf6 36. Na4 Nb7 37. Kd3 Ke5 38. Kc4 Kd6 39. Kd4 g5 40. Nb2 e5+ 41. dxe6 Kxe6 42. Kc4 Kd6 43. Kb5 Kd7 44. Ka6 1-0

[Event "IECG RI.2003.0.00004 email"]
[Site "IECG email"]
[Date "2003.04.18"]
[Round "?"]
[White "Korobeynikov, Alexandr"]
[Black "Huerga, Jorge Hugo"]
[Result "0-1"]
[WhiteElo "1824"]
[BlackElo "1919"]
[PlyCount "88"]
[EventDate "2003.04.11"]
[EventType "tourn (corr)"]
[EventRounds "6"]
[SourceTitle "Corr 2008"]
[Source "ChessBase"]
[SourceDate "2008.06.24"]
[SourceVersion "1"]
[SourceVersionDate "2008.06.24"]
[SourceQuality "1"]

1. e4 e5 2. Nf3 Nc6 3. Bb5 a6 4. Ba4 Nf6 5. 0-0 Be7 6. Re1 b5 7. Bb3 0-0 8. c3 d5 9. exd5 Nxd5 10. Nxe5 Nxe5 11. Rxe5 c6 12. d4 Bd6 13. Re1 Qh4 14. g3 Qh3 15. Be3 Bg4 16. Qd3 Rae8 17. Nd2 Re6 18. a4 f5 19. Qf1 Qh5 20. f4 bxa4 21. Rxa4 Rb8 22. Bxd5 cxd5 23. Rxa6 Rbe8 24. Qg2 Rxe3 25. Rxe3 Rxe3 26. Qxd5+ Qf7 27. Qxd6 Re1+ 28. Nf1 h5 29. Ra5 Bh3 30. Kf2 Rxf1+ 31. Ke3 Kh7 32. Qc6 Bg4 33. Rd5 Qa7 34. Rd7 Qa2 35. Rb7 Rf3+ 36. Kd2 Rf2+ 37. Ke3 Rxb2 38. Rxb2 Qxb2 39. d5 Qxh2 40. Kd4 Qxg3 41. d6 Qxf4+ 42. Kd3 Qe4+ 43. Qxe4 fxe4+ 44. Kxe4 h4 0-1

[Event "IECG RI.2003.0.00004 email"]
[Site "IECG email"]
[Date "2003.04.11"]
[Round "?"]
[White "Huerga, Jorge Hugo"]
[Black "Starace, Umberto"]
[Result "0-1"]
[WhiteElo "1919"]
[BlackElo "1871"]
[PlyCount "46"]
[EventDate "2003.04.11"]
[EventType "tourn (corr)"]
[EventRounds "6"]
[SourceTitle "Corr 2008"]
[Source "ChessBase"]
[SourceDate "2008.06.24"]
[SourceVersion "1"]
[SourceVersionDate "2008.06.24"]
[SourceQuality "1"]

1. e4 c5 2. Nf3 Nc6 3. d4 cxd4 4. Nxd4 g6 5. Nc3 Bg7 6. Be3 Nf6 7. f3 0-0 8. Bc4 Qb6 9. 0-0 Qxb2 10. Ncb5 Qb4 11. Qe2 Ne5 12. Bb3 a6 13. Nc7 Rb8 14. Rab1 Qc3 15. Nd5 Nxd5 16. Bxd5 e6 17. Bb3 b5 18. Rfd1 Bb7 19. f4 Nc4 20. Bxc4 Qxc4 21. Qxc4 bxc4 22. e5 Be4 23. Kf2 f6 0-1

[Event "IECG CP.2002.P.00054 email"]
[Site "IECG email"]
[Date "2002.10.01"]
[Round "?"]
[White "Huerga, Jorge Hugo"]
[Black "Converset, Juan Jose"]
[Result "1/2-1/2"]
[WhiteElo "1925"]
[BlackElo "2236"]
[PlyCount "36"]
[EventDate "2002.10.01"]
[EventType "tourn (corr)"]
[EventRounds "6"]
[EventCountry "ARG"]
[SourceTitle "Corr 2008"]
[Source "ChessBase"]
[SourceDate "2008.06.24"]
[SourceVersion "1"]
[SourceVersionDate "2008.06.24"]
[SourceQuality "1"]

1. e4 e6 2. d4 d5 3. Nc3 Bb4 4. e5 c5 5. a3 Ba5 6. Qg4 Ne7 7. dxc5 Bxc3+ 8. bxc3 Qa5 9. Bd2 Ng6 10. Nf3 Nc6 11. Qg3 Qxc5 12. Bd3 0-0 13. 0-0 b6 14. h4 f6 15. exf6 Rxf6 16. h5 Nge7 17. h6 g6 18. c4 Nf5 1/2-1/2